000 00576nam a2200193Ia 4500
001 14727
003 GE_BSU
008 181216s||||||||xx |||||||||||||| ||und||
040 _cGE_BSU
080 _aპერიოდიკა
245 _aВокруг света №4 (2895) Апрель 2015.
245 _bжурнал русского географического общества
245 _cГл.ред. Ал.Монахов
260 _aМосква
260 _c2015
300 _a148стр.илл.28см.
653 _aВокруг света
942 _cCR
999 _c47853
_d47853